Το ελληνικό έθνος : γένεση και διαμόρφωση του νέου ελληνισμού

Αποθηκεύτηκε σε:
Λεπτομέρειες βιβλιογραφικής εγγραφής
Κύριος συγγραφέας: Σβορώνος, Νίκος Γ., 1911-1990
Άλλοι συγγραφείς: Ασδραχάς, Σπύρος Ι., 1933-2017 (Συγγραφέας εισαγωγής κ.λπ.), Βαγενάς, Νάσος, 1945- (Επιμελητής έκδοσης)
Μορφή: Βιβλίο
Γλώσσα:Greek
Δημοσίευση: Αθήνα : Πόλις, 2004.
Έκδοση:5η έκδ.
Θέματα:
Ετικέτες: Προσθήκη ετικέτας
Δεν υπάρχουν, Καταχωρήστε ετικέτα πρώτοι!

MARC

LEADER 00000cam a2200000 i 4500
001 1/24444
008 060216s2004 gr | ||| |||| ||gre||
020 |a 9604350285 
035 |l 10082672 
040 |a GR-MY-UA  |b gre  |e aacr 
041 0 |a gre 
082 7 |a 938.1   |2 (22) 
100 1 |a Σβορώνος, Νίκος Γ.,   |d 1911-1990. 
245 1 3 |a Το ελληνικό έθνος :   |b γένεση και διαμόρφωση του νέου ελληνισμού /   |c Νίκος Γ. Σβορώνος ; προλεγόμενα: Σπ. Ι. Ασδράχας ; φιλολογική επιμέλεια: Νάσος Βαγενάς.  
250 |a 5η έκδ.  
260 |a Αθήνα :   |b Πόλις,   |c 2004.  
300 |a 120 σ. ;   |c 21 εκ.  
504 |a Βιβλιογραφία: σ. 113-114. 
650 0 0 |a National characteristics, Greek. 
650 0 0 |a National characteristics, Greek (Modern) 
651 0 |a Greece  |x History. 
700 1 |a Ασδραχάς, Σπύρος Ι.,   |d 1933-2017,  |e aui 
700 1 |a Βαγενάς, Νάσος,   |d 1945-  |e edt 
852 |a INST  |b LESVOS  |e 20060216  |h 938.1 ΣΒΟ  |p 005100034171  |q 005100034171  |t BK  |y 0 
901 |a BIBL1-2006-1 
909 |a Λ  |b 125649 
920 |a ΕΠΕΑΕΚ ΠΜΣ ΓΥΝΑΙΚΕΣ KAI ΦΥΛΑ  |y Λέσβος  |z 2006-01 
970 |a ΚΑΡΑ  |b ΓΙΑΣΕΜΗ  |z 2006/02/16